Thermal Engineering-I/ (Record no. 198355)

MARC details
000 -LEADER
fixed length control field 00637nam a22001937a 4500
005 - DATE AND TIME OF LATEST TRANSACTION
control field 20230920120651.0
010 ## - LCCN (DPL NO)
LC control number ENG-138144
020 ## - INTERNATIONAL STANDARD BOOK NUMBER
International Standard Book Number 9789392311031
Terms of availability 523.00
035 ## - SYSTEM CONTROL NUMBER
System control number EN-121676
037 ## - SOURCE OF ACQUISITION
Source of stock number/acquisition DBAD/PUB
082 ## - DEWEY DECIMAL CLASSIFICATION NUMBER
Classification number 621.402
100 ## - MAIN ENTRY--PERSONAL NAME
Personal name Raghavulu, K. Veera
245 ## - TITLE STATEMENT
Title Thermal Engineering-I/
Statement of responsibility, etc By K. Veera Raghavulu and U. Sudhakar
260 ## - PUBLICATION, DISTRIBUTION, ETC. (IMPRINT)
Place of publication, distribution, etc Hyderabad
Name of publisher, distributor, etc M/s SunRaise International Publishers
Date of publication, distribution, etc 2023
270 ## - ADDRESS
Address 7-1-277/242, 5th Floor, Near BK Guda Park, S R Nagar
City Hyderabad
Postal code 500038
300 ## - PHYSICAL DESCRIPTION
Extent xvi, 296
Dimensions 25cm(pbk)
700 ## - ADDED ENTRY--PERSONAL NAME
Personal name Sudhakar, U.
9 (RLIN) 56902
942 ## - ADDED ENTRY ELEMENTS (KOHA)
Source of classification or shelving scheme Dewey Decimal Classification
Item type English Books
Classification part 621.402
Call number suffix RAG
Holdings
Withdrawn status Lost status Not for loan Collection code Home library Current library Date acquired Source of acquisition Cost, normal purchase price Full call number Barcode Copy number Cost, replacement price Koha item type
      Non-fiction D.B.Act.Division Mobile Library 19/09/2023 DBAD/PUB 523.00 621.402 RAG EN-121676 1 523.00 English Books

© Delhi Public Library
Hit Counter
free hit counter